Príprava žiadateľa o vydanie zbrojného preukazu na skúšku odbornej spôsobilosti

Bibliographic Details
Main Authors: Ingr, Jozef (Author), Majoroš, Jozef Mgr (Author)
Format: Book
Language:Slovak
PhysicalDescription:347 s., 6 s. obr. príl. fotogr. 21 cm
Published: Bratislava Epos 2006
ISBN:8080576866
Edition:[2. vyd.]
Subjects:

MARC

LEADER 00000cam a2200000 a 4500
001 vtls008828441
003 SK-MaSNL
005 20260426002133.0
008 240318s2006 xo o f l 000 0 slo
015 |a SNBA2006/07-04045 
020 |a 8080576866  |q (viaz.) 
035 |a urn:nbn:sk:snk-am0094fe 
035 |a urn:nbn:sk:snk-am3hbgu 
035 |a 7E137AFB-F6E3-4081-A7BC-D9C18CEC1D63 
040 |a SNK  |b slo  |c SNK  |e AACR2 
041 0 |a slo 
043 |a e-xo--- 
044 |a xo  |c SK 
072 7 |a 351  |x Úlohy verejnej správy, správne opatrenia. Legislatíva  |2 konspekt 
080 |a 351.753.1/.3  |2 2001 
080 |a 351.753.6  |2 2001 
080 |a (437.6)  |2 2001 
080 |a (094.5)  |2 2001 
100 1 |a Ingr, Jozef  |4 aut  |9 393516 
245 1 0 |a Príprava žiadateľa o vydanie zbrojného preukazu na skúšku odbornej spôsobilosti  |c Jozef Ingr, Jozef Majoroš 
250 |a [2. vyd.] 
260 |a Bratislava  |b Epos  |c 2006 
300 |a 347 s., 6 s. obr. príl.  |b fotogr.  |c 21 cm 
650 0 7 |a strelné zbrane  |2 SNKPH  |9 68540 
650 0 7 |a strelivo  |2 SNKPH  |9 17951 
651 7 |a Slovensko  |2 SNKPH  |9 14231 
655 7 |a zákony  |2 SNKPH  |9 70186 
655 7 |a právne predpisy  |2 SNKPH  |9 70481 
700 1 |a Majoroš, Jozef  |c Mgr.  |4 aut  |9 557349 
919 |a 80-8057-686-6 
958 |a OND 
999 |c 910796  |d 912726 
952 |a SNK  |b SNK  |y PREZ  |7 0  |p 17A0516158  |o snkSC 124155  |i snk2006/13811  |8 0  |0 0  |1 0  |4 0  |d 2006-07-12  |f 1  |l 0  |r 2025-06-05 00:00:00  |w 2026-02-24 
952 |a SNK  |b SNK  |y VYP  |7 0  |p 17A0516159  |o snkSC 124155 D1  |i snk2006/13812  |8 0  |0 0  |1 0  |4 0  |d 2006-07-12  |l 0  |r 2026-02-24 07:42:33  |w 2026-02-24